000 00244nam a22001217a 4500
040 _cSK
082 _a633
100 _aSHUKLA PRABHAT
245 _aOilseeds processing technology
260 _aINDIA
_bSHU
_c1992
300 _a268p.
942 _cEK
999 _c8618
_d8618